Repertorio de legislación y jurisprudencia chilenas: Código de Minería

Saved in:
Bibliographic Details
Format: Book
Language:Spanish
Published: Santiago Jurídica de Chile 1994
Edition:2a. ed
Subjects:
Tags: Add Tag
No Tags, Be the first to tag this record!

MARC

LEADER 00000nam a2200000 a 4500
001 UCI8882
003 CL-VaPUC
008 081009e19940000CL |||||||||||||||||spa|d
020 |a 9561010755 
082 0 4 |a 348.046  |b REP  |2 21 
245 1 0 |a Repertorio de legislación y jurisprudencia chilenas: Código de Minería 
250 |a 2a. ed 
300 |a 211 p 
942 |c BK 
945 |d 20081009 00:00:00  |a cmena 
260 |a Santiago  |b Jurídica de Chile  |c 1994 
650 0 |a Derecho de minería  |9 344919 
650 0 |a Código de minería   |9 256729 
651 7 |a CHILE  |2 CL-VaPUC  |9 532531 
583 |a last modification  |c 20081009 00:00:00  |k Rodrigo Vera 
999 |c 331632  |d 331630 
952 |0 0  |1 0  |4 0  |6 348_046000000000000_REP_1994  |7 0  |8 F  |9 418430  |a BIBDER  |b BIBDER  |d 2019-11-22  |i 3579573  |o 348.046 REP 1994  |p 3579573  |r 2023-01-25  |w 2019-11-22  |y BK_F  |k DER